| 000 | 00790cam a2200217 4500 | ||
|---|---|---|---|
| 001 | WB3906-19 | ||
| 008 | 030213n2003 000 0 eng u | ||
| 035 | _a(Sirsi) u121336 | ||
| 245 | _aDictionary of urbanism | ||
| 260 | _c2003 | ||
| 490 |
_aUrban Design Update _v(5) 10 January 2003, 1(1) |
||
| 520 | _aA Dictionary of urbanism is to be launched to give more precise urban design definitions to help design professionals. Article claims that confusion caused by lack of common definitions has had an adverse effect on urban design projects. | ||
| 590 | _aWB | ||
| 650 | _aURBAN DESIGN | ||
| 650 | _aDICTIONARIES | ||
| 650 | _aBUILT ENVIRONMENT | ||
| 650 | _aPROJECTS | ||
| 650 | _aDEFINITIONS | ||
| 690 | _aMANAGEMENT-BUSINESS MANAGEMENT-PROFESSIONAL PRACTICE | ||
| 942 | _n0 | ||
| 999 |
_c72104 _d72104 |
||